Ručení společníka za závazky společnosti. Malé kritické zamyšlení nad ­ 106 Obchodního zákoníku.

Upozornenie na jedno z úskalí, ktoré obchodný zákonník vniesol do doteraz vžitého chápania zodpovednosti spoločníka za záväzky spoločnosti s ručením obmedzeným.

Guardado en:
Detalles Bibliográficos
Autor principal: Klang, M.
Formato: Capítulo de libro
Lenguaje:checo
Materias:
Etiquetas: Agregar Etiqueta
Sin Etiquetas, Sea el primero en etiquetar este registro!

MARC

LEADER 00000naa a2200000 4500
001 r010531
005 20220831084114.4
041 0 |a cze 
044 |a [CS] 
245 1 0 |a Ručení společníka za závazky společnosti.  |b Malé kritické zamyšlení nad ­ 106 Obchodního zákoníku.  |c M. Klang 
520 |a Upozornenie na jedno z úskalí, ktoré obchodný zákonník vniesol do doteraz vžitého chápania zodpovednosti spoločníka za záväzky spoločnosti s ručením obmedzeným. 
610 2 0 |a zákonník obchodný 
610 2 0 |a podnikanie 
610 2 0 |a predpisy právne 
610 2 0 |a spoločnosti s r.o. 
100 1 |a Klang, M.